Prečo rastie zamestnanosť aj nezamestnanosť zároveň

Počet zamestnaných, nezamestnaných a ekonomicky aktívnych obyvateľov v r. 2003 a 2004 podľa Štatistického úradu SR. Čo je zamestnanosť a čo nezamestnanosť. Pojem ekonomická aktivita. Demografický a administratívny vplyv na počet ekonomicky aktívnych obyvateľov. Poradie regiónov podľa evidovanej mi...

ver descrição completa

Na minha lista:
Detalhes bibliográficos
Autor principal: Gertler, Pavel
Formato: Capítulo de Livro
Idioma:eslovaco
Assuntos:
Tags: Adicionar Tag
Sem tags, seja o primeiro a adicionar uma tag!

MARC

LEADER 00000naa$a2200000$$$4500
001 0029225
005 20231004125829.4
041 0 |a slo 
044 |a SK 
245 1 0 |a Prečo rastie zamestnanosť aj nezamestnanosť zároveň  |c Pavel Gertler 
520 |a Počet zamestnaných, nezamestnaných a ekonomicky aktívnych obyvateľov v r. 2003 a 2004 podľa Štatistického úradu SR. Čo je zamestnanosť a čo nezamestnanosť. Pojem ekonomická aktivita. Demografický a administratívny vplyv na počet ekonomicky aktívnych obyvateľov. Poradie regiónov podľa evidovanej miery nezamestnanosti v SR (marec, 2005 v %). Miera evidovanej nezamestnanosti v % za obdobie r.1998-marec 2005. 
610 2 0 |a trh práce 
610 2 0 |a zamestnanosť 
610 2 0 |a nezamestnanosť 
610 2 0 |a demografia 
610 2 0 |a vek 
610 2 0 |a dôchodcovia 
610 2 0 |a štatistika 
610 2 0 |a Slovensko 
100 1 |a Gertler, Pavel